Guess the Arabic speaking country flags - Statistics

General Stats
  • This quiz has been taken 62 times
  • The average score is 20 of 22
Answer Stats
Picture Answer % Correct
Egypt
100%
Saudi Arabia
98%
Iraq
96%
Qatar
96%
Somalia
96%
Algeria
94%
Jordan
92%
Lebanon
92%
Morocco
92%
Tunisia
92%
United Arab Emirates
92%
Bahrain
91%
Syria
91%
Kuwait
89%
Libya
87%
Yemen
87%
Oman
85%
Chad
83%
Sudan
81%
Djibouti
77%
Mauritania
72%
Comoros
70%
No matching quizzes found
Score Distribution
Percent of People with Each Score
Percentile by Number Answered
Your Score History
You have not taken this quiz